000 00469nam a22001577a 4500
999 _c10492
_d10492
003 GBCCL
005 20241126110733.0
008 240819b ||||| |||| 00| 0 eng d
040 _cgbc
082 _aARC GBC-2023
_bGOU
100 _aGou Khan Son, S
_918266
245 _aAn exegetical study of pauline understanding on salvation by Grace through faith in Ephesians 2:8-9
260 _aNew Lamka :
_bGrace Bible college,
_c2023
300 _a57p. ;
942 _2ddc
_cTH